| 000 | 00527nam a2200181Ia 4500 | ||
|---|---|---|---|
| 005 | 20250423095747.0 | ||
| 008 | 250422s9999 xx 000 0 und d | ||
| 020 | _a003031626X | ||
| 050 | _aHF 1379 .C94/ | ||
| 100 | _aCzinkota, Michael R. | ||
| 245 | 0 | _aInternational business up 2000 | |
| 260 | _aFort Worth | ||
| 260 | _bDryden Press | ||
| 260 | _cc2000. | ||
| 300 | _a859 p | ||
| 650 | _a International trade. International finance. Investments, Foreign. International business enterprises. | ||
| 942 | _cBK | ||
| 999 |
_c31247 _d31247 |
||